| 000 | 00385nam a22001457a 4500 | ||
|---|---|---|---|
| 008 | 250507b |||||||| |||| 00| 0 eng d | ||
| 020 | _a9781472968371 | ||
| 050 |
_aBV600.3 _b.B37 |
||
| 100 | _aBarrett Mark | ||
| 245 | _aThe Wind, The Fountain and The Fire. | ||
| 260 |
_aLondon _bBloomsbury Continum _c2019 |
||
| 300 | _a181p. | ||
| 650 |
_aChurch Renewal _vChristianity |
||
| 942 | _cBK | ||
| 999 |
_c3347 _d3347 |
||